Stateless : the politics of the Armenian language in exile /

Bibliographic Details
Main Author: Chahinian, Talar (Author)
Format: eBook
Language:English
Published: Syracuse : Syracuse University Press, 2023.
Edition:First edition.
Subjects:
Online Access:Connect to the full text of this electronic book

MARC

Tag First Indicator Second Indicator Subfields
LEADER 00000nam a22000001i 4500
001 in00004664021
006 m |o d |
007 cr |n|||||||||
008 230408s2023 nyu ob 001 0 eng d
005 20230417131047.2
020 |a 9780815655800 (electronic bk.) 
020 |a 0815655800 (electronic bk.) 
020 |z 9780815638025 
020 |z 0815638027 
020 |z 9780815637950 
020 |z 0815637950 
035 |a (NhCcYBP)jstor22573/CATS1874074 
040 |a NhCcYBP  |c NhCcYBP 
050 4 |a PK8516  |b .C44 2022 
082 0 4 |a 491/.992  |2 23/eng/20221027 
100 1 |a Chahinian, Talar,  |e author. 
245 1 0 |a Stateless :  |b the politics of the Armenian language in exile /  |c Talar Chahinian. 
250 |a First edition. 
264 1 |a Syracuse :  |b Syracuse University Press,  |c 2023. 
300 |a 1 online resource. 
336 |a text  |b txt  |2 rdacontent 
337 |a computer  |b c  |2 rdamedia 
338 |a online resource  |b cr  |2 rdacarrier 
500 |a Description based on print version record. 
504 |a Includes bibliographical references and index. 
588 |a Description based on print version record. 
650 0 |a Armenian literature  |y 20th century  |x History and criticism. 
650 0 |a Literature and transnationalism. 
650 0 |a Armenian diaspora. 
650 0 |a West Armenian dialect  |x Political aspects. 
655 7 |a Electronic books.  |2 local 
776 1 8 |i Online version:  |a Chahinian, Talar.  |t Stateless.  |b First edition  |d Syracuse : Syracuse University Press, 2022  |z 9780815655800  |w (DLC) 2022038624 
776 1 8 |c Original  |z 9780815638025  |z 0815638027  |z 9780815637950  |z 0815637950  |w (DLC) 2022038623 
856 4 0 |u http://proxy.library.tamu.edu/login?url=https://www.jstor.org/stable/10.2307/jj.1895813  |z Connect to the full text of this electronic book  |t 0 
955 |a JSTOR DDA record 
999 f f |s 59826533-aa25-47e5-855e-3590ff301cc8  |i dd61e800-cc80-4f96-aa89-bf51495a5de2  |t 0 
952 f f |a Texas A&M University  |b College Station  |c Electronic Resources  |d Available Online  |t 0  |e PK8516 .C44 2022  |h Library of Congress classification 
998 f f |a PK8516 .C44 2022  |t 0  |l Available Online